000 00965nas a2200313 4500
001 BR2011005995
003 BR-BrBNA
005 20231205115140.0
007 ta
008 230509b bl.|||p| |||| 00| 00por d
040 _aBR-BrBNA
_bpor
_cBiblioteca Nacional de Agricultura
041 _a(Pt)
072 _aF02
100 1 _aMachado, M.P.
100 1 _aBiasi, L.A.
100 1 _aReinhart, V.
100 1 _aSantos, G.D.
245 1 _aRedução da necrose apicalo e hiperidricidade de plantas de Lavandula angustifolia Mill. cultivadas in vitro
650 _aALFAZEMA
650 _aLAVANDULA ANGUSTIFOLIA
650 _aMICROPROPAGAÇÃO
650 _aCULTURA IN VITRO
650 _aCLORETO DE CÁLCIO
650 _aNECROSE
650 _aDOENÇA DE PLANTA
773 0 _tPlant Cell Culture Micropropagation (Brazil)
_xISSN 1808-9909
_g(2010), v. 6(1) p. 18-25
_wBR2011005995
909 _a202311
_bLúcia
_c55
_dLúcia Elande
942 _2AGRIS
_n0
_cANA
999 _c212323
_d212323